000 00603nam a2200205Ii 4500
003 JO-AjNU
008 230605s9999||||xx |||||||||||||| ||und||
040 _aJO-AjNU
_bara
_erda
_cJO-AjNU
041 _aara
050 1 4 _aBP190.5.S3.N3964
100 3 _aنوفل، عبد الرزاق,
_eauthor
_99746
245 0 0 _aالمسلمون والعلم الحديث
250 _aط2
264 3 1 _aد.م: المؤلف، د.ت
300 _a165ص
336 _atext
_btxt
_2rdacontent
337 _aunmediated
_bn
_2rdamedia
338 _avolume
_bnc
_2rdacarrier
650 4 _aالاسلام والعلم
_99747
999 _aA1457
_c5025
_d5025